000 00674nam a2200289Ia 4500
005 20260324150546.0
008 008 260324s9999 xx 000 0 eng d
020 _a9781315133034
037 _aEBOOK
040 _aCRL
040 _beng
040 _cCRL
041 _2eng
041 _aeng
084 _qCRL
100 _aSamuel Finer
_91226839
245 4 _aThe Man on Horseback
245 4 _bThe Role of the Military in Politics
260 _bTaylor and Francis
260 _c1962
365 _a
365 _b255
856 _uhttp://www.taylorfrancis.com/books/9781315133034
942 _cEBOOK
999 _c1836492
_d1836492